| 000 | 00623nam a2200181 4500 | ||
|---|---|---|---|
| 001 | 108468 | ||
| 003 | ES-MaACL | ||
| 007 | t| | ||
| 008 | 061121s1982 sp r ||||1| spa d | ||
| 100 | 1 |
_aMontero Vallejo, Manuel. _982540 |
|
| 245 | 1 | 0 |
_aSótanos y duendes de Mantua y las aguas de Madrid / _cManuel Montero Vallejo. |
| 260 |
_aMadrid : _bEditora Nacional, _c1982. |
||
| 300 |
_a523 p. ; _c21 cm. |
||
| 490 | 1 |
_aBiblioteca de visionarios, heterodoxos y marginados ; _v19 |
|
| 830 | 0 |
_aBiblioteca de visionarios, heterodoxos y marginados ; _v19 _9181090 |
|
| 852 |
_aES-MaACL _jL-4660 _bR.104931 |
||
| 999 |
_c108468 _d108468 |
||